| 000 | 00798cam a2200241 a 4500 | ||
|---|---|---|---|
| 001 | 13301934 | ||
| 005 | 20180206044430.0 | ||
| 008 | 030806s2003 nyu b 001 0 eng | ||
| 010 | _a 2003276154 | ||
| 020 | _a1587784777 | ||
| 040 |
_aDLC _cDLC _dDLC |
||
| 041 | _aeng | ||
| 043 | _an-us--- | ||
| 080 | _a808.066 | ||
| 082 | 0 | 0 |
_a808.066 VOL _222 |
| 100 | 1 | _a46 | |
| 101 | _aEDU | ||
| 245 | 1 | 0 |
_aAcademic legal writing : _cby Eugene Volokh ; with foreword by Alex Kozinski. |
| 504 | _aIncludes bibliographical references (p. 191-196) and index. | ||
| 906 |
_a7 _bcbc _corignew _d2 _encip _f20 _gy-gencatlg |
||
| 942 |
_2ddc _cBK |
||
| 999 |
_c41906 _d41906 |
||